Catálogo
 En Linea

Curso de literatura, para el cuarto año de bachillerato / (Registro nro. 31991)

Detalles MARC
000 -CABECERA
campo de control de longitud fija 00501nam a2200157 a 4500
001 - NÚMERO DE CONTROL
campo de control 000032500
005 - FECHA Y HORA DE LA ÚLTIMA TRANSACCIÓN
campo de control 20200930065655.0
008 - DATOS DE LONGITUD FIJA--INFORMACIÓN GENERAL
campo de control de longitud fija 110718s19uu dr r 000 0 spa d
040 ## - FUENTE DE LA CATALOGACIÓN
Centro catalogador/agencia de origen DO-SdBNP
Lengua de catalogación spa
Centro/agencia transcriptor BNPHU
082 ## - NÚMERO DE LA CLASIFICACIÓN DECIMAL DEWEY
Número de clasificación xxxx
Número de documento/Ítem Q85c
100 1# - ENTRADA PRINCIPAL--NOMBRE DE PERSONA
Nombre de persona Quiros y Cabrera, Emilio J.
9 (RLIN) 58439
245 10 - MENCIÓN DE TÍTULO
Título Curso de literatura, para el cuarto año de bachillerato /
Mención de responsabilidad, etc. Emilio J. Quiros y Cabrera.
260 ## - PUBLICACIÓN, DISTRIBUCIÓN, ETC.
Lugar de publicación, distribución, etc. [Santo Domingo] :
Nombre del editor, distribuidor, etc. [s.n.],
Fecha de publicación, distribución, etc. [197?].
300 ## - DESCRIPCIÓN FÍSICA
Extensión 280 p. ;
Dimensiones 22 cm.
590 ## - NOTA LOCAL (RLIN)
Nota local Inventariado, 2018/BT
Existencias
Estado de retiro Estado de pérdida Restricciones de uso No para préstamo Código de colección Localización permanente Ubicación/localización actual Ubicación en estantería Fecha de adquisición Número de inventario Total de préstamos Signatura topográfica completa Código de barras Fecha visto por última vez Número de copia Precio válido a partir de Tipo de ítem Koha
        Dominicana de Servicio General General Depósito 19.07.2011 LF1   xxxx Q85c 32500-30 25.06.2020 e. 3 25.06.2020 Libro y Folleto Colección Dominicana de Servicio
        Dominicana de Servicio General General Depósito 11.06.2015 LF1   xxxx Q85c 32500-40 25.06.2020 e. 4 25.06.2020 Libro y Folleto Colección Dominicana de Servicio
        Dominicana de Servicio General General Depósito 27.08.2018 LF1   xxxx Q85c 32500-50 25.06.2020 e. 5 25.06.2020 Libro y Folleto Colección Dominicana de Servicio
      Excluido de préstamo Patrimonio Dominicano Patrimonio Dominicano Patrimonio Dominicano Depósito 18.07.2011 LF1   xxxx Q85c 32500-10 25.06.2020   25.06.2020 Libro y Folleto Colección Patrimonio Dominicano
      Excluido de préstamo Patrimonio Dominicano Patrimonio Dominicano Patrimonio Dominicano Depósito 19.07.2011 LF1   xxxx Q85c 32500-20 25.06.2020 e. 2 25.06.2020 Libro y Folleto Colección Patrimonio Dominicano

Con tecnología Koha